| 000 | 00426nam a2200157Ia 4500 | ||
|---|---|---|---|
| 008 | 230312s9999||||xx |||||||||||||| ||und|| | ||
| 020 | _a81-7439-031-6 | ||
| 082 |
_a657.3 _bSTR |
||
| 100 | _aStraub Joseph T. | ||
| 245 | 0 | _aUnderstanding Financial Statements | |
| 260 |
_bVelocity Business Publishing _aUSA _c2000 |
||
| 300 | _a95 | ||
| 546 | _aEng. | ||
| 650 |
_aManagement _vIntroduction , Financial Statements: |
||
| 942 | _cBK | ||
| 999 |
_c762 _d762 |
||